|
|
|
|
| LEADER |
00933cam a2200217 7i4500 |
| 001 |
0000081396 |
| 005 |
20240123090000.0 |
| 020 |
|
|
|a 9783031075780 (electronic book)
|
| 090 |
0 |
0 |
|a BJ1821
|b .P38 2022
|
| 100 |
1 |
|
|a Paternoster, Annick
|
| 245 |
1 |
0 |
|a Historical etiquette :
|b etiquette books in nineteenth-century western cultures
|c Annick Paternoster.
|
| 264 |
|
|
|a Cham:
|b Palgrave Macmillan,
|c 2022.
|
| 300 |
|
|
|a 1 online resource (xiii, 407 pages):
|b illustrations (chiefly color), text file, PDF.
|
| 336 |
|
|
|a text
|2 rdacontent
|
| 337 |
|
|
|a computer
|2 rdamedia
|
| 338 |
|
|
|a online resource
|2 rdacarrier
|
| 650 |
|
0 |
|a Etiquette --
|x History --
|y 19th century
|
| 650 |
|
0 |
|a Literature, Modern --
|x History and criticism --
|y 19th century
|
| 650 |
|
0 |
|a Western countries --
|x Social life and customs --
|y 19th century
|
| 856 |
4 |
2 |
|u http://library.unisel.edu.my/web/guest/mylibrary
|
| 999 |
|
|
|a EBO0022673
|b EBOOK
|c EBOOK
|e Electronic resources
|